000 00261nam a2200109Ia 4500
008 190911s9999||||xx |||||||||||||| ||und||
100 _aEarl R. Hutchison Sr.
245 0 _aWriting For Mass Communication
260 _aUSA
_bCRC
_c1996
300 _a382
942 _cBK
999 _c7024
_d7024